<?xml version="1.0" encoding="UTF-8"?>
<record
    xmlns:xsi="http://www.w3.org/2001/XMLSchema-instance"
    xsi:schemaLocation="http://www.loc.gov/MARC21/slim http://www.loc.gov/standards/marcxml/schema/MARC21slim.xsd"
    xmlns="http://www.loc.gov/MARC21/slim">

  <leader>00706nam a2200217Ia 4500</leader>
  <controlfield tag="001">953</controlfield>
  <controlfield tag="003">GE_BSU</controlfield>
  <controlfield tag="008">181216s||||||||xx |||||||||||||| ||und||</controlfield>
  <datafield tag="040" ind1=" " ind2=" ">
    <subfield code="c">GE_BSU</subfield>
  </datafield>
  <datafield tag="080" ind1=" " ind2=" ">
    <subfield code="a">332.12(075&#x44E;8)+327(075.8)+91(075.8)</subfield>
  </datafield>
  <datafield tag="100" ind1=" " ind2=" ">
    <subfield code="a">&#x418;&#x432;&#x430;&#x43D;&#x43E;&#x432;&#x430;,&#x41C;.&#x412;;&#x428;&#x442;&#x430;&#x43D;&#x44C;&#x43A;&#x43E;,&#x41C;.&#x410;;</subfield>
  </datafield>
  <datafield tag="245" ind1=" " ind2=" ">
    <subfield code="a">&#x412;&#x432;&#x435;&#x434;&#x435;&#x43D;&#x438;&#x435; &#x432; &#x440;&#x435;&#x433;&#x438;&#x43E;&#x43D;&#x43E;&#x432;&#x435;&#x434;&#x435;&#x43D;&#x438;&#x435;.&#x41C;&#x435;&#x442;&#x43E;&#x434;&#x44B;  &#x440;&#x435;&#x433;&#x438;&#x43E;&#x43D;&#x43E;&#x432;&#x435;&#x434;&#x447;&#x435;&#x441;&#x43A;&#x438;&#x445; &#x438;&#x441;&#x441;&#x43F;&#x435;&#x434;&#x43E;&#x432;&#x430;&#x43D;&#x438;&#x438;.</subfield>
  </datafield>
  <datafield tag="245" ind1=" " ind2=" ">
    <subfield code="b">&#x423;&#x447;&#x435;&#x431;&#x43D;&#x43E;&#x435;  &#x43F;&#x43E;&#x441;&#x43E;&#x431;&#x438;&#x435;.</subfield>
  </datafield>
  <datafield tag="260" ind1=" " ind2=" ">
    <subfield code="a">&#x422;&#x43E;&#x43C;&#x441;&#x43A;</subfield>
  </datafield>
  <datafield tag="260" ind1=" " ind2=" ">
    <subfield code="b">&#x422;&#x43E;&#x43C;&#x441;&#x43A;&#x43E;&#x433;&#x43E; &#x43F;&#x43E;&#x43B;&#x438;&#x442;&#x435;&#x445;&#x43D;&#x438;&#x447; &#x438;&#x43D;-&#x442;&#x430;</subfield>
  </datafield>
  <datafield tag="260" ind1=" " ind2=" ">
    <subfield code="c">2007</subfield>
  </datafield>
  <datafield tag="300" ind1=" " ind2=" ">
    <subfield code="a">980 &#x441;.</subfield>
  </datafield>
  <datafield tag="541" ind1=" " ind2=" ">
    <subfield code="h">6 &#x43B;.</subfield>
  </datafield>
  <datafield tag="653" ind1=" " ind2=" ">
    <subfield code="a">&#x412;&#x432;&#x435;&#x434;&#x435;&#x43D;&#x438;&#x435; &#x432; &#x440;&#x435;&#x433;&#x438;&#x43E;&#x43D;&#x43E;&#x432;&#x435;&#x434;&#x435;&#x43D;&#x438;&#x435;.</subfield>
  </datafield>
  <datafield tag="942" ind1=" " ind2=" ">
    <subfield code="c">BK</subfield>
  </datafield>
  <datafield tag="999" ind1=" " ind2=" ">
    <subfield code="c">35112</subfield>
    <subfield code="d">35112</subfield>
  </datafield>
  <datafield tag="952" ind1=" " ind2=" ">
    <subfield code="0">0</subfield>
    <subfield code="1">0</subfield>
    <subfield code="4">0</subfield>
    <subfield code="7">0</subfield>
    <subfield code="9">33384</subfield>
    <subfield code="d">2018-12-17</subfield>
    <subfield code="p">1042</subfield>
    <subfield code="r">2018-12-17</subfield>
    <subfield code="w">2018-12-17</subfield>
    <subfield code="y">BK</subfield>
  </datafield>
</record>
